000 00517nam a2200217Ia 4500
005 20250425161924.0
008 250425s9999 xx 000 0 und d
020 _a847114283X
041 _aspa
082 _a133.323
100 _aPILON, J. MARIA
245 0 _aLA RADIESTESIA: COMO MANEJAR EL PENDULO Y LA VARILLA
250 _a1A ED.
260 _aEspaƱa
_bMUNDI-PRENSA
_c1990
260 _aMADRID
300 _a142
650 _aPSICOLOGIA
650 _aRADIESTESIA
942 _c01
010 _a35048
999 _c218919
_d218919